Tabulky odmocnin : tabulky pro vypočty Pythagorovy věty do délky přepony 5000,000 /

Hlavní autor: Kučera, Karel, 1905-1986
Jazyk: Čeština
Vydáno: Praha : Státní nakladatelství technické literatury, 1958
Vydání: 1. vyd.
Edice: Edice Výzkumného ústavu geodetického, topografického a kartografického
Témata:
Externí odkaz: Digitalizovaný dokument
Fyzický popis: 16, 128 s.
Knihy
Uloženo v:
LEADER 01404nam a22003012a 4500
001 000095002
003 CZ BrMZK
005 20150112210042.0
007 ta
008 010907s1958 xr cze d
015 |a cnb000512863 
035 |a (OCoLC)85320463 
040 |a BOA001  |b cze 
100 1 |a Kučera, Karel,  |d 1905-1986  |7 jk01070562  |4 aut 
245 1 0 |a Tabulky odmocnin :  |b tabulky pro vypočty Pythagorovy věty do délky přepony 5000,000 /  |c Karel Kučera 
250 |a 1. vyd. 
260 |a Praha :  |b Státní nakladatelství technické literatury,  |c 1958 
300 |a 16, 128 s. 
490 1 |a Edice Výzkumného ústavu geodetického, topografického a kartografického v Praze ;  |v sv. 3 
500 |a Dostupné též v digitální podobě v aplikaci Kramerius 
830 0 |a Edice Výzkumného ústavu geodetického, topografického a kartografického  |0 s 
856 4 1 |u http://www.digitalniknihovna.cz/mzk/uuid/uuid:e0854aa0-d9e8-11e5-984e-005056827e52  |y Digitalizovaný dokument  |x NDK 
910 |a BOA001  |b 2-0394.945  |b PK-0018.543 
964 |a Odmocniny - tabulky 
990 |a BK 
996 6 |b 2619132553  |c 2-0394.945  |l MZK  |r Sklad / do 24 hodin  |n 0  |w 000095002  |u 000030  |a 1  |e BOA001  |j MZK50  |s P 
996 7 |b 2619132554  |c 2-0394.945  |l MZK  |r Sklad / do 24 hodin  |n 0  |w 000095002  |u 000020  |a 1  |e BOA001  |j MZK50  |s A 
996 7 |b 3119968896  |c PK-0018.543  |l MZK  |r Sklad / do 1 hodiny  |n 0  |w 000095002  |u 000010  |a 1  |e BOA001  |j MZK50  |s A